000 00785nam a22002295i 4500
001 154156
003 ES-MaACL
005 20250428063007.0
008 050908m18951920fr | |||||||| ||fre d
040 _aCAM
_bspa
_cCAM
100 1 _aFrance, Anatole,
_d1844-1924
_9240108
245 1 0 _aPierre Nozière /
_cAnatole France.
250 _a[40e éd.].
260 _aParis :
_bAlphonse Lemerre éditeur,
_c[s.a.]
300 _a326 p. ;
_c18 cm.
594 _aAnatole France es seudónimo de Jacques Anatole Thibault.
595 _aLa mención de ed. consta en la cub. original.
596 _aProbablemente impreso entre 1895 y 1920.
752 _aFrancia -
_dParís
852 _aES-MaACL
_jB-2742
_z-- Enc. hol. conservando la cub. original
999 _c154156
_d154156